Normal view MARC view

Entry Topical Term

Number of records used in: 1

001 - CONTROL NUMBER

  • control field: 17765

003 - CONTROL NUMBER IDENTIFIER

  • control field: OSt

005 - DATE AND TIME OF LATEST TRANSACTION

  • control field: 20200916164917.0

008 - FIXED-LENGTH DATA ELEMENTS

  • fixed length control field: 200916|| aca||aabn | a|a d

040 ## - CATALOGING SOURCE

  • Original cataloging agency: OSt
  • Transcribing agency: OSt

150 ## - HEADING--TOPICAL TERM

  • Topical term or geographic name entry element: Rights in land, Private property, Social conflict, History - United States

670 ## - SOURCE DATA FOUND

  • Source citation: Work cat.: (OSt): Jacobs, H. 17764, Whose citizenship: social conflict over property in the United States

Powered by Koha